[Event "Skopje op"]
[Site "Skopje"]
[Date "2023.12.06"]
[Round "1"]
[White "Stoyanov, Stoyan Or"]
[Black "Krstic, Andrija Marko"]
[Result "1-0"]
[WhiteElo "2320"]
[BlackElo "2137"]
[PlyCount "101"]
[EventDate "2023.12.06"]
[EventType "swiss"]
[EventRounds "9"]
[EventCountry "MKD"]
[SourceTitle "CB50_2023"]
[SourceDate "2023.12.13"]
[SourceVersion "1"]
[SourceVersionDate "2023.12.13"]
[SourceQuality "1"]

1. d4 Nf6 2. c4 e6 3. Nf3 d5 4. g3 Be7 5. Bg2 Ne4 6. 0-0 f5 7. Nc3 c6 8. Qb3 Nd6 9. Ne5 Qb6 10. c5 Qxb3 11. axb3 Nf7 12. Bf4 Nd7 13. Nxf7 Kxf7 14. b4 g5 15. Bc7 Bd8 16. Bxd8 Rxd8 17. b5 a6 18. b4 Rb8 19. bxc6 bxc6 20. Rfb1 Nf6 21. e3 Ne8 22. Na4 Kf6 23. Nb6 Bb7 24. Bf1 Nc7 25. Bd3 Nb5 26. f3 h6 27. Kf2 e5 28. dxe5+ Kxe5 29. f4+ Ke6 30. fxg5 hxg5 31. Kg2 Rh8 32. Rf1 Rbf8 33. Rf2 Rf6 34. g4 fxg4 35. Rxf6+ Kxf6 36. Rf1+ Ke7 37. Bf5 Nc7 38. Bxg4 Rf8 39. Rxf8 Kxf8 40. Bf5 Ke7 41. Kg3 a5 42. bxa5 Na6 43. Na4 Kf6 44. Kg4 Nb4 45. Nb6 Na6 46. Nd7+ Ke7 47. Kxg5 Bc8 48. Ne5 Bxf5 49. Kxf5 Nxc5 50. Nxc6+ Kd6 51. Nb4 1-0

[Event "BUL-ch U20"]
[Site "Sofia"]
[Date "2023.02.05"]
[Round "7"]
[White "Georgiev, Konstantin1111"]
[Black "Stoyanov, Stoyan Or"]
[Result "0-1"]
[WhiteElo "2081"]
[BlackElo "2217"]
[PlyCount "68"]
[EventDate "2023.02.01"]
[EventType "swiss"]
[EventRounds "7"]
[EventCountry "BUL"]
[SourceTitle "CBM 212 Extra"]
[Source "ChessBase"]
[SourceDate "2023.03.31"]
[SourceVersion "1"]
[SourceVersionDate "2023.03.31"]
[SourceQuality "1"]

1. e4 c5 2. Nf3 d6 3. Nc3 e5 4. Bc4 g6 5. d3 h6 6. 0-0 Bg7 7. Nd5 Ne7 8. c3 Nbc6 9. Be3 0-0 10. h3 Kh7 11. d4 cxd4 12. cxd4 Na5 13. Be2 Nxd5 14. exd5 e4 15. Nd2 f5 16. b4 f4 17. bxa5 fxe3 18. fxe3 Qg5 19. Rxf8 Bxf8 20. Nxe4 Qxe3+ 21. Nf2 Bg7 22. Qd3 Bxd4 23. Qxe3 Bxe3 24. Re1 Bd2 25. Rf1 Bf5 26. g4 Bc2 27. Bd3 Bxd3 28. Nxd3 Kg7 29. Rb1 b6 30. axb6 axb6 31. Rb2 Be3+ 32. Kg2 Ra3 33. Nf4 Bc5 34. Rb3 Rxa2+ 0-1

[Event "SRB Central-ch"]
[Site "Pirot"]
[Date "2022.11.20"]
[Round "5"]
[White "Karaivanova, Petya F"]
[Black "Stoyanov, Stoyan Or"]
[Result "1-0"]
[WhiteElo "1838"]
[BlackElo "2254"]
[PlyCount "85"]
[EventDate "2022.11.16"]
[EventType "swiss"]
[EventRounds "9"]
[EventCountry "SRB"]
[SourceTitle "CBM 211 Extra"]
[Source "ChessBase"]
[SourceDate "2023.01.31"]
[SourceVersion "1"]
[SourceVersionDate "2023.01.31"]
[SourceQuality "1"]

1. e4 d6 2. d4 g6 3. Nc3 c6 4. Be3 b5 5. h4 h5 6. Nh3 Bg7 7. Qd2 Nd7 8. f3 Bb7 9. Ng5 Qa5 10. a3 Ngf6 11. Be2 Qc7 12. f4 Ng4 13. e5 Nf8 14. 0-0-0 f6 15. exf6 exf6 16. Nge4 a6 17. d5 c5 18. Bxb5+ Kf7 19. Bxc5 axb5 20. Nxb5 Qd7 21. Nexd6+ Kg8 22. Rhe1 Ba6 23. Qa5 Bb7 24. Qb6 Bh6 25. Qxb7 Bxf4+ 26. Kb1 Qxb7 27. Nxb7 Rh7 28. N7d6 Bg3 29. Re8 Rxe8 30. Nxe8 Nd7 31. Bb4 Nde5 32. Be1 Bh2 33. a4 Kf8 34. Nec7 Ne3 35. Bb4+ Kg8 36. Re1 Nxg2 37. Re2 Nxh4 38. Rxh2 Nhf3 39. Re2 h4 40. a5 h3 41. a6 Kf7 42. a7 Rh8 43. Nd6+ 1-0

[Event "PNWCC vs Europe Hybrid 05"]
[Site "Chess.com INT"]
[Date "2022.05.08"]
[Round "3"]
[White "Stoyanov, Stoyan Or"]
[Black "Anand Jr, Vignesh"]
[Result "1/2-1/2"]
[WhiteElo "2171"]
[BlackElo "1936"]
[PlyCount "119"]
[EventDate "2022.05.07"]
[EventType "team-tourn"]
[EventRounds "4"]
[EventCountry "USA"]
[SourceTitle "EXT 2023"]
[Source "ChessBase"]
[SourceDate "2022.10.05"]
[SourceVersion "1"]
[SourceVersionDate "2022.10.05"]
[SourceQuality "1"]
[WhiteTeam "Europe"]
[BlackTeam "PNWCC"]
[BlackTeamCountry "USA"]

1. d4 Nf6 2. c4 g6 3. Nc3 d5 4. Bg5 Ne4 5. Bf4 Nxc3 6. bxc3 Bg7 7. e3 c5 8. Qb3 dxc4 9. Bxc4 0-0 10. Nf3 Nc6 11. Be2 Be6 12. Qxb7 Bd5 13. Qb5 cxd4 14. exd4 e5 15. dxe5 Rb8 16. Qc5 Bxf3 17. Bxf3 Nxe5 18. Bxe5 Bxe5 19. 0-0 Qg5 20. g3 Qf6 21. Bg4 Bxc3 22. Rad1 h5 23. Bd7 Rb6 24. Rd3 Bb4 25. Qc7 Ra6 26. a4 Qb6 27. Rc1 Qxc7 28. Rxc7 Bd6 29. Rb7 Rb8 30. Rdb3 Rxb7 31. Rxb7 Bc5 32. Rc7 Bd4 33. Kg2 Rf6 34. f4 h4 35. Kf3 Bg1 36. Kg2 Bb6 37. Rb7 Bd4 38. Bb5 hxg3 39. hxg3 a5 40. Bc4 Kg7 41. Kh3 Bf2 42. Kg4 Be1 43. Re7 Bb4 44. Ra7 Be1 45. Rb7 Rf5 46. Kf3 Rf6 47. Rd7 Kf8 48. g4 Ke8 49. Bb5 Kf8 50. g5 Re6 51. Rd8+ Kg7 52. Bc4 Re7 53. Kg4 Rc7 54. Bd5 Bb4 55. f5 gxf5+ 56. Kxf5 Be7 57. Ra8 Rc5 58. Ke5 Bxg5 59. Kd6 Be7+ 60. Ke5 1/2-1/2

[Event "Stara Zagora Trayana Spring"]
[Site "Stara Zagora"]
[Date "2021.03.20"]
[Round "4"]
[White "Stoyanov, Stoyan Or"]
[Black "Dimitrov, Radoslav"]
[Result "0-1"]
[WhiteElo "2009"]
[BlackElo "2467"]
[PlyCount "70"]
[EventDate "2021.03.20"]
[EventType "swiss"]
[EventRounds "7"]
[EventCountry "BUL"]
[SourceTitle "EXT 2022"]
[Source "ChessBase"]
[SourceDate "2021.10.06"]
[SourceVersion "1"]
[SourceVersionDate "2021.10.06"]
[SourceQuality "1"]

1. d4 Nf6 2. c4 d6 3. Nc3 e5 4. dxe5 dxe5 5. Qxd8+ Kxd8 6. Bg5 c6 7. 0-0-0+ Kc7 8. Ne4 Be7 9. Nxf6 gxf6 10. Bh4 Be6 11. e3 Nd7 12. Nf3 Rhe8 13. Bd3 Nc5 14. Bxh7 Bxc4 15. b3 Be2 16. Rd2 Bxf3 17. gxf3 Rh8 18. Bxf6 Bxf6 19. Bf5 a5 20. Kd1 Rh4 21. Ke2 a4 22. Rb1 axb3 23. axb3 Rxh2 24. b4 Ne6 25. b5 cxb5 26. Rxb5 b6 27. Bxe6 fxe6 28. Rc2+ Kb7 29. Rb4 Bh4 30. Kd3 Rxf2 31. Rxh4 Rd8+ 32. Rd4 Rxd4+ 33. exd4 Rxc2 34. Kxc2 exd4 35. Kd3 e5 0-1

[Event "Wch FIDE Online U18 Europe qual"]
[Site "Tornelo INT"]
[Date "2020.12.09"]
[Round "6"]
[White "Stoyanov, Stoyan Or"]
[Black "Stefansson, Vignir Vatnar"]
[Result "0-1"]
[WhiteElo "2009"]
[BlackElo "2183"]
[PlyCount "118"]
[EventDate "2020.12.07"]
[EventType "swiss (rapid)"]
[EventRounds "7"]
[EventCountry "ISS"]
[SourceTitle "EXT 2022"]
[Source "ChessBase"]
[SourceDate "2021.10.06"]
[SourceVersion "1"]
[SourceVersionDate "2021.10.06"]
[SourceQuality "1"]

1. d4 Nf6 2. c4 e6 3. Nf3 c5 4. d5 b5 5. Bg5 b4 6. e4 d6 7. Nbd2 Be7 8. dxe6 Bxe6 9. e5 Nfd7 10. Ne4 dxe5 11. Nd6+ Kf8 12. Ne4 f6 13. Be3 Nc6 14. Bd3 Nd4 15. 0-0 Nb6 16. Bxd4 cxd4 17. b3 g6 18. Ng3 Kg7 19. Qe2 Nd7 20. Nxd4 exd4 21. Qxe6 Nc5 22. Qe2 Re8 23. Rad1 f5 24. Qe5+ Kg8 25. Bxf5 Bf8 26. Qf4 Qf6 27. Rxd4 gxf5 28. Nxf5 Kh8 29. Qg4 Rad8 30. Rf4 Qg6 31. Qxg6 hxg6 32. Rh4+ Kg8 33. Rg4 Kf7 34. Nh4 Re6 35. Nf3 Be7 36. Nd4 Re4 37. Rxe4 Nxe4 38. Nc6 Rd2 39. Re1 Bc5 40. Ne5+ Kg7 41. Nf3 Bxf2+ 42. Kf1 Bxe1 43. Nxd2 Bxd2 44. Ke2 Bf4 45. Kf3 Nc3 46. Kxf4 Kf6 47. c5 Nxa2 48. Ke4 Ke6 49. Kd4 Nc3 50. Kc4 Nd5 51. h4 Ne3+ 52. Kxb4 Nxg2 53. Kb5 Nxh4 54. b4 Nf5 55. Ka6 Ne7 56. b5 Kd5 57. b6 axb6 58. cxb6 Nc6 59. b7 g5 0-1

[Event "Varna U2200 op"]
[Site "Varna"]
[Date "2019.07.03"]
[Round "2"]
[White "Stoyanov, Stoyan Or"]
[Black "Stoyanov, Daniel"]
[Result "1-0"]
[WhiteElo "2166"]
[BlackElo "1732"]
[PlyCount "59"]
[EventDate "2019.07.02"]
[EventType "swiss"]
[EventRounds "7"]
[EventCountry "BUL"]
[SourceTitle "EXT 2020"]
[Source "ChessBase"]
[SourceDate "2019.10.17"]
[SourceVersion "1"]
[SourceVersionDate "2019.10.17"]
[SourceQuality "1"]

1. d4 d5 2. c4 c6 3. Nc3 Nf6 4. e3 e6 5. Nf3 Nbd7 6. Qc2 Bd6 7. g4 b6 8. g5 Nh5 9. e4 dxe4 10. Nxe4 Bb4+ 11. Bd2 Bxd2+ 12. Qxd2 Qc7 13. 0-0-0 Nf4 14. Ne5 Ng6 15. f4 Bb7 16. Nxd7 Qxd7 17. c5 0-0 18. Nd6 a5 19. Nc4 Qd5 20. Rg1 b5 21. Nd6 Qxa2 22. Nxb7 b4 23. Nd6 b3 24. Qc3 Nxf4 25. Bc4 Rfb8 26. Kd2 Qa4 27. Ra1 Qb4 28. Qxb4 Rxb4 29. Rg3 a4 30. Rxb3 1-0

[Event "Plovdiv Radulski Memorial 3rd"]
[Site "Plovdiv"]
[Date "2017.10.29"]
[Round "1"]
[White "Dimitrov, Radoslav"]
[Black "Stoyanov, Stoyan Or"]
[Result "1-0"]
[WhiteElo "2448"]
[BlackElo "1828"]
[PlyCount "83"]
[EventDate "2017.10.29"]
[EventType "swiss (rapid)"]
[EventRounds "9"]
[EventCountry "BUL"]
[SourceTitle "CBM 181 Extra"]
[Source "ChessBase"]
[SourceDate "2017.12.12"]
[SourceVersion "1"]
[SourceVersionDate "2017.12.12"]
[SourceQuality "1"]

1. Nc3 c5 2. Nf3 Nc6 3. g3 g6 4. Bg2 Bg7 5. 0-0 d6 6. a3 e5 7. Rb1 a5 8. a4 Nge7 9. d3 0-0 10. Nb5 Na7 11. Na3 h6 12. Nd2 Nac6 13. e4 Be6 14. Ndc4 d5 15. exd5 Bxd5 16. Bxd5 Nxd5 17. c3 f5 18. Qb3 Kh7 19. Qxb7 Qf6 20. Qb3 f4 21. Nxa5 Nce7 22. N5c4 Qf5 23. Qd1 f3 24. Kh1 Qh3 25. Rg1 Nf6 26. Ne3 Ng4 27. Nxg4 Qxg4 28. Nc4 Nf5 29. Qf1 Rxa4 30. h3 Qh5 31. g4 Qh4 32. gxf5 Rxf5 33. Rg4 Qh5 34. Re4 g5 35. Be3 Bf8 36. Kh2 Ra7 37. Ra1 Rg7 38. Qg1 Qg6 39. Qg3 Be7 40. Rxe5 Rff7 41. Qg4 h5 42. Qe4 1-0

[Event "Sofia MGU op 176th"]
[Site "Sofia"]
[Date "2016.12.11"]
[Round "6"]
[White "Stoyanov, Stoyan Or"]
[Black "Ruschukov, Boyan"]
[Result "1-0"]
[WhiteElo "2024"]
[BlackElo "1861"]
[PlyCount "117"]
[EventDate "2016.12.10"]
[EventType "swiss"]
[EventRounds "9"]
[EventCountry "BUL"]
[SourceTitle "CBM 176 Extra"]
[Source "ChessBase"]
[SourceDate "2017.03.02"]
[SourceVersion "1"]
[SourceVersionDate "2017.03.02"]
[SourceQuality "1"]

1. d4 Nf6 2. c4 g6 3. Nc3 Bg7 4. e4 d6 5. Be2 0-0 6. Bg5 c5 7. d5 b5 8. cxb5 a6 9. a4 Qa5 10. Bd2 axb5 11. Bxb5 Ba6 12. Nf3 Nbd7 13. 0-0 Bxb5 14. Nxb5 Qb6 15. Qe2 Rfb8 16. Bc3 e5 17. dxe6 fxe6 18. Nxd6 Qxd6 19. e5 Qe7 20. exf6 Bxf6 21. Ne5 Bxe5 22. Bxe5 Nxe5 23. Qxe5 Rb4 24. a5 Rb5 25. Qc3 Qg7 26. Qc4 Rbxa5 27. Rxa5 Rxa5 28. Qxe6+ Qf7 29. Qb6 Qa7 30. Qe6+ Qf7 31. Qc8+ Kg7 32. Rd1 c4 33. h3 Ra7 34. Qc5 Rc7 35. Qe5+ Kh6 36. Rd4 Qe7 37. Qxe7 Rxe7 38. Rxc4 Rb7 39. b4 Kg5 40. Re4 Ra7 41. b5 Ra1+ 42. Kh2 Rb1 43. Re7 Rxb5 44. Rxh7 Rb2 45. Rf7 Rb4 46. Kg3 Rb3+ 47. f3 Ra3 48. h4+ Kh6 49. Kh3 Ra1 50. g4 Rh1+ 51. Kg3 g5 52. Rf6+ Kg7 53. hxg5 Rg1+ 54. Kf4 Ra1 55. Re6 Kf7 56. Rd6 Ke7 57. Rf6 Ra4+ 58. Kf5 Ra8 59. Kg6 1-0

[Event "Sofia MGU op 175th"]
[Site "Sofia"]
[Date "2016.11.19"]
[Round "1"]
[White "Mladenov, Andrey"]
[Black "Stoyanov, Stoyan Or"]
[Result "0-1"]
[WhiteElo "1603"]
[BlackElo "1852"]
[PlyCount "58"]
[EventDate "2016.11.19"]
[EventType "swiss"]
[EventRounds "6"]
[EventCountry "BUL"]
[SourceTitle "CBM 175 Extra"]
[Source "ChessBase"]
[SourceDate "2016.12.12"]
[SourceVersion "1"]
[SourceVersionDate "2016.12.12"]
[SourceQuality "1"]

1. e4 c5 2. Nf3 d6 3. d4 Nf6 4. Nc3 cxd4 5. Nxd4 a6 6. Bc4 e6 7. Bb3 b5 8. 0-0 b4 9. Na4 Nxe4 10. Re1 Nc5 11. Nxc5 dxc5 12. Ba4+ Bd7 13. Bxd7+ Qxd7 14. Qf3 Ra7 15. Nf5 g6 16. Bg5 gxf5 17. Rad1 Qc7 18. Rd8+ Qxd8 19. Bxd8 Kxd8 20. Qf4 Nc6 21. c3 Rd7 22. Qc4 a5 23. Qb5 Kc7 24. cxb4 axb4 25. h3 Bd6 26. Qe2 Ra8 27. b3 Nd4 28. Qb2 Kb6 29. a4 bxa3 0-1

[Event "Plovdiv ChessBomb op 2nd"]
[Site "Plovdiv"]
[Date "2016.07.14"]
[Round "4"]
[White "Stoyanov, Stoyan Or"]
[Black "Kulev, Atanas"]
[Result "0-1"]
[WhiteElo "1854"]
[BlackElo "1539"]
[PlyCount "114"]
[EventDate "2016.07.12"]
[EventType "swiss"]
[EventRounds "7"]
[EventCountry "BUL"]
[SourceTitle "CBM 173 Extra"]
[Source "ChessBase"]
[SourceDate "2016.08.29"]
[SourceVersion "1"]
[SourceVersionDate "2016.08.29"]
[SourceQuality "1"]

1. d4 d5 2. c4 dxc4 3. Nf3 Nf6 4. g3 Nc6 5. Bg2 e5 6. Qa4 exd4 7. Nxd4 Qxd4 8. Bxc6+ Bd7 9. Bxd7+ Qxd7 10. Qxc4 Be7 11. Nc3 0-0 12. Bg5 c6 13. 0-0 Qf5 14. Qf4 Qxf4 15. gxf4 h6 16. Bh4 Nd5 17. Bxe7 Nxe7 18. Rfd1 Rad8 19. e3 Rfe8 20. Kg2 Nf5 21. Kf3 Nh4+ 22. Kg4 Ng6 23. h4 Nf8 24. e4 Ne6 25. e5 Nc5 26. Kf3 Kf8 27. b4 Ne6 28. Ke4 Ke7 29. f5 Nc7 30. a4 g6 31. f6+ Kf8 32. f4 Ne6 33. Ne2 c5 34. b5 c4 35. Rdc1 Nc5+ 36. Kf3 Nb3 37. Rab1 Nd2+ 38. Kf2 Nxb1 39. Rxb1 Rd3 40. Rc1 Rc8 41. Nc3 Rh3 42. Ne4 c3 43. Nd6 Rc7 44. a5 b6 45. axb6 axb6 46. f5 gxf5 47. Nxf5 c2 48. Ne3 Rc5 49. Ng4 Rb3 50. Ke2 Rb1 51. Kd2 Rxc1 52. Kxc1 Rxb5 53. Kxc2 Rb4 54. Nxh6 Rxh4 55. Nf5 Rh5 56. Ne7 Rxe5 57. Nc8 Rc5+ 0-1

[Event "Stara Zagora Beroe op 2nd"]
[Site "Stara Zagora"]
[Date "2016.02.21"]
[Round "6"]
[White "Stoyanov, Stoyan Or"]
[Black "Balimezova, Margarita"]
[Result "1/2-1/2"]
[WhiteElo "1834"]
[BlackElo "1753"]
[PlyCount "31"]
[EventDate "2016.02.20"]
[EventType "swiss"]
[EventRounds "6"]
[EventCountry "BUL"]
[SourceTitle "CBM 171 Extra"]
[Source "ChessBase"]
[SourceDate "2016.04.26"]
[SourceVersion "1"]
[SourceVersionDate "2016.04.26"]
[SourceQuality "1"]

1. d4 d6 2. c4 e5 3. dxe5 dxe5 4. Qxd8+ Kxd8 5. Nc3 c6 6. Nf3 f6 7. h3 Be6 8. e4 a5 9. Be3 Kc7 10. 0-0-0 Na6 11. a3 Bc5 12. Bxc5 Nxc5 13. Kc2 a4 14. Be2 Nh6 15. Nd2 Rhd8 16. b4 1/2-1/2

[Event "Stara Zagora Beroe op 2nd"]
[Site "Stara Zagora"]
[Date "2016.02.20"]
[Round "3"]
[White "Ramadanov, Esat"]
[Black "Stoyanov, Stoyan Or"]
[Result "0-1"]
[WhiteElo "1605"]
[BlackElo "1834"]
[PlyCount "46"]
[EventDate "2016.02.20"]
[EventType "swiss"]
[EventRounds "6"]
[EventCountry "BUL"]
[SourceTitle "CBM 171 Extra"]
[Source "ChessBase"]
[SourceDate "2016.04.26"]
[SourceVersion "1"]
[SourceVersionDate "2016.04.26"]
[SourceQuality "1"]

1. d4 Nf6 2. c4 g6 3. Nc3 d6 4. e4 Bg7 5. f4 0-0 6. Nf3 Na6 7. Be2 e5 8. fxe5 dxe5 9. d5 Nc5 10. Bg5 h6 11. Bxf6 Qxf6 12. 0-0 Qb6 13. Rf2 Qxb2 14. Nb5 Nxe4 15. Rf1 Qb4 16. Kh1 Qc5 17. Qe1 a6 18. Nc3 Nxc3 19. Qxc3 e4 20. Ne5 Qd6 21. Nxf7 Bxc3 22. Nxd6 Bxa1 23. Rxa1 cxd6 0-1